000
00245nam a22001097a 4500
999
_c
261126
_d
261125
020
_a
9780545708104
100
_a
Lisa Schroeder
245
_a
My Secret Guide To Paris
260
_a
New York
_b
Scholastic
_c
2015
300
_a
216 pgs
942
_c
BK